| 000 | 00825nam a2200277 a 4500 | ||
|---|---|---|---|
| 008 | |||
| 020 | _a0415053250 | ||
| 020 | _a0415132231 (pbk.) | ||
| 049 | _aMAIN | ||
| 090 | _aHD31 | ||
| 100 | 1 | _aBoddy, David | |
| 245 | 1 | 0 |
_aOrganizations in the network age / _cDavid Boddy and Nicky Gunson. |
| 260 |
_aLondon : _bRoutledge, _cc1996. |
||
| 300 |
_ax, 273 p. ; _c22 cm. |
||
| 504 | _aIncludes bibliographical references : p. 260-265. | ||
| 500 | _aIncludes index. | ||
| 650 | 0 |
_aIndustrial organization _xManagement. |
|
| 650 | 0 |
_aIndustrial organization _xData processing. |
|
| 650 | 0 | _aComputer networks. | |
| 700 | 1 | _aGunson, Nick. | |
| 907 |
_a.b10080934 _b09-07-03 _c08-07-03 |
||
| 003 | |||
| 005 | 20230123133323.0 | ||
| 040 | _cNUST | ||
| 942 |
_cBOOKS _kHD31 |
||
| 999 |
_c146559 _d146559 |
||